000 00434cam a2200181 4500
001 D14846
008 090401t1971 xxu||||| |||| 00| 0 eng d
035 _a(Sirsi) u18367
041 _aeng
050 _a696
100 _aMaver, Thomas W
245 _aBuilding services design: a systematic approach to decision making
260 _aLondon
_bRIBA
_c1971
300 _a167p
350 _a4.5
942 _n0
948 _c04/03/1997
999 _c87593
_d87593